000 00518nam a2200181Ia 4500
999 _c11452
_d11452
003 OSt
005 20191230103531.0
008 190216s9999||||xx |||||||||||||| ||und||
020 _a9789383096046
040 _coclc
082 _a330.0151
_bDAV/A
100 _a Dave, Ashish J
_9899
245 0 _aApplied Statistics For Economics /
_cAshish J Dave
260 _bHorizon Press,
_c2014.
_aJaipur:
300 _a308p
650 _aEcnomics
942 _cBK
_2ddc
_h330.0151
_iDAV/A
_k330.0151
_mDAV/A